000 00767nam a2200169 a 4500
001 000029314
005 20200930055453.0
008 110414s1983 dr 000 0 spa d
040 _aDO-SdBNP
_bspa
_cBNPHU
082 _axxxx
_bB271r
100 1 _aBarreiro, Teofilo
_921610
245 1 0 _aReto sociologíco del profesional dominicano: especialización vs. generalización.
260 _a[Santo Domingo] :
_bCentro de Estudios Menetarios y Bancarios (CEMYB),
_c[1983].
300 _a7 p. ;
_c22 cm.
500 _aEsta conferencia fue pronunciada por Teófilo Barreiro en ocasión del acto de graduación del Centro de Estudios Monetarios y Bancarios (CEMYB), celebrado el miercoles 9 de noviembre de 1983, en los salones del Instituto Espaillat Cabral
049 _aBNPD
999 _c28806
_d28806